Yüzölçümlerine göre Dünya ülkeleri - Statistics

General Stats
  • This quiz has been taken 38 times
  • The average score is 23 of 196
Answer Stats
km2 Ülke Kıta % Correct
9.572.900 Çin Asya
100%
9.984.670 Kanada Kuzey Amerika
100%
17.098.242 Rusya Avrupa/Asya
100%
9.526.468 ABD Kuzey Amerika
96%
8.515.767 Brezilya Güney Amerika
96%
7.692.024 Avustralya Okyanusya
86%
2.780.400 Arjantin Güney Amerika
82%
3.166.414 Hindistan Asya
82%
2.724.900 Kazakistan Asya
75%
2.381.741 Cezayir Afrika
61%
1.964.375 Meksika Kuzey Amerika
50%
2.345.409 Kongo D.C. Afrika
39%
1.285.216 Peru Güney Amerika
39%
2.149.690 Suudi Arabistan Asya
39%
783.562 Türkiye Asya/Avrupa
39%
1.904.569 Endonezya Asya
36%
1.648.195 İran Asya
36%
1.141.748 Kolombiya Güney Amerika
36%
1.564.110 Moğolistan Asya
36%
1.098.581 Bolivya Güney Amerika
32%
756.102 Şili Güney Amerika
32%
1.284.000 Çad Afrika
29%
1.221.037 Güney Afrika Afrika
29%
1.759.540 Libya Afrika
29%
1.240.192 Mali Afrika
29%
1.267.000 Nijer Afrika
29%
1.886.068 Sudan Afrika
29%
916.445 Venezuela Güney Amerika
29%
1.246.700 Angola Afrika
25%
1.104.300 Etiyopya Afrika
25%
640.679 Fransa Avrupa
25%
1.030.700 Moritanya Afrika
25%
881.912 Pakistan Asya
25%
1.002.450 Mısır Afrika
21%
945.087 Tanzanya Afrika
21%
0,44 Vatikan Avrupa
21%
652.230 Afganistan Asya
18%
505.992 İspanya Avrupa
18%
450.295 İsveç Avrupa
18%
2 Monako Avrupa
18%
801.590 Mozambik Afrika
18%
676.578 Myanmar Asya
18%
825.615 Namibya Afrika
18%
923.768 Nijerya Afrika
18%
462.840 Papua Yeni Gine Okyanusya
18%
603.500 Ukrayna Avrupa
18%
752.612 Zambiya Afrika
18%
160 Lihtenştayn Avrupa
14%
406.752 Paraguay Güney Amerika
14%
61 San Marino Avrupa
14%
637.657 Somali Afrika
14%
527.968 Yemen Asya
14%
357.114 Almanya Avrupa
11%
338.424 Finlandiya Avrupa
11%
513.120 Tayland Asya
11%
488.100 Türkmenistan Asya
11%
468 Andorra Avrupa
7%
582.000 Botsvana Afrika
7%
446.550 Fas Afrika
7%
619.745 Güney Sudan Afrika
7%
438.317 Irak Asya
7%
475.442 Kamerun Afrika
7%
580.367 Kenya Afrika
7%
587.041 Madagaskar Afrika
7%
316 Malta Avrupa
7%
181 Marshall Adaları Okyanusya
7%
21 Nauru Okyanusya
7%
622.984 Orta Afrika Cumhuriyeti Afrika
7%
447.400 Özbekistan Asya
7%
26 Tuvalu Okyanusya
7%
270.467 Yeni Zelanda Okyanusya
7%
390.757 Zimbabve Afrika
7%
442 Antigua ve Barbuda Kuzey Amerika
4%
765 Bahreyn Asya
4%
430 Barbados Kuzey Amerika
4%
22.966 Belize Kuzey Amerika
4%
242.495 Birleşik Krallık Avrupa
4%
5.765 Brunei Asya
4%
48.671 Dominik Cumhuriyeti Kuzey Amerika
4%
276.841 Ekvador Güney Amerika
4%
21.041 El Salvador Kuzey Amerika
4%
18.272 Fiji Okyanusya
4%
344 Grenada Kuzey Amerika
4%
108.889 Guatemala Kuzey Amerika
4%
214.969 Guyana Güney Amerika
4%
27.750 Haiti Kuzey Amerika
4%
112.492 Honduras Kuzey Amerika
4%
301.336 İtalya Avrupa
4%
377.930 Japonya Asya
4%
811 Kiribati Okyanusya
4%
1.862 Komorlar Afrika
4%
342.000 Kongo Afrika
4%
51.100 Kosta Rika Kuzey Amerika
4%
109.884 Küba Kuzey Amerika
4%
2.586 Lüksemburg Avrupa
4%
2.040 Mauritius Afrika
4%
702 Mikronezya Okyanusya
4%
130.373 Nikaragua Kuzey Amerika
4%
323.802 Norveç Avrupa
4%
459 Palau Okyanusya
4%
75.417 Panama Kuzey Amerika
4%
2.842 Samoa Okyanusya
4%
964 Sao Tome ve Principe Afrika
4%
452 Seyşeller Afrika
4%
716 Singapur Asya
4%
28.896 Solomon Adaları Okyanusya
4%
616 St. Lucia Kuzey Amerika
4%
163.820 Surinam Güney Amerika
4%
747 Tonga Okyanusya
4%
181.034 Uruguay Güney Amerika
4%
12.189 Vanuatu Okyanusya
4%
4.033 Yeşil Burun Adaları Afrika
4%
28.748 Arnavutluk Avrupa
0%
83.871 Avusturya Avrupa
0%
86.600 Azerbaycan Asya
0%
13.943 Bahamalar Kuzey Amerika
0%
147.570 Bangladeş Asya
0%
207.600 Belarus Avrupa
0%
30.528 Belçika Avrupa
0%
112.622 Benin Afrika
0%
83.600 Birleşik Arap Emirlikleri Asya
0%
51.209 Bosna Hersek Avrupa
0%
110.879 Bulgaristan Avrupa
0%
272.967 Burkina Faso Afrika
0%
27.834 Burundi Afrika
0%
38.394 Butan Asya
0%
78.865 Çekya Avrupa
0%
23.200 Cibuti Afrika
0%
43.094 Danimarka Avrupa
0%
14.874 Doğu Timor Asya
0%
751 Dominika Kuzey Amerika
0%
28.051 Ekvator Ginesi Afrika
0%
117.600 Eritre Afrika
0%
29.843 Ermenistan Asya
0%
45.227 Estonya Avrupa
0%
17.364 Esvatini Afrika
0%
322.463 Fildişi Sahili Afrika
0%
300.000 Filipinler Asya
0%
267.668 Gabon Afrika
0%
11.295 Gambiya Afrika
0%
238.533 Gana Afrika
0%
245.857 Gine Afrika
0%
36.125 Gine-Bissau Afrika
0%
100.210 Güney Kore Asya
0%
69.700 Gürcistan Asya
0%
56.594 Hırvatistan Avrupa
0%
41.850 Hollanda Avrupa
0%
70.273 İrlanda Avrupa
0%
20.770 İsrail Asya
0%
41.284 İsviçre Avrupa
0%
103.000 İzlanda Avrupa
0%
10.991 Jamaika Kuzey Amerika
0%
181.035 Kamboçya Asya
0%
13.812 Karadağ Avrupa
0%
11.586 Katar Asya
0%
9.251 Kıbrıs Asya
0%
199.951 Kırgızistan Asya
0%
10.887 Kosova Avrupa
0%
17.818 Kuveyt Asya
0%
120.538 Kuzey Kore Asya
0%
236.800 Laos Asya
0%
30.255 Lesotho Afrika
0%
64.559 Letonya Avrupa
0%
111.369 Liberya Afrika
0%
65.300 Litvanya Avrupa
0%
10.452 Lübnan Asya
0%
93.028 Macaristan Avrupa
0%
25.713 Makedonya Avrupa
0%
118.484 Malavi Afrika
0%
300 Maldivler Asya
0%
330.803 Malezya Asya
0%
33.846 Moldova Avrupa
0%
147.181 Nepal Asya
0%
312.679 Polonya Avrupa
0%
92.090 Portekiz Avrupa
0%
238.391 Romanya Avrupa
0%
26.338 Ruanda Afrika
0%
196.722 Senegal Afrika
0%
71.740 Sierra Leone Afrika
0%
88.361 Sırbistan Avrupa
0%
49.037 Slovakya Avrupa
0%
20.273 Slovenya Avrupa
0%
65.610 Sri Lanka Asya
0%
261 St. Kitts ve Nevis Kuzey Amerika
0%
389 St. Vincent ve Grenadinler Kuzey Amerika
0%
185.180 Suriye Asya
0%
143.100 Tacikistan Asya
0%
36.193 Tayvan Asya
0%
56.785 Togo Afrika
0%
5.130 Trinidad ve Tobago Kuzey Amerika
0%
163.610 Tunus Afrika
0%
241.550 Uganda Afrika
0%
309.500 Umman Asya
0%
89.342 Ürdün Asya
0%
331.212 Vietnam Asya
0%
131.990 Yunanistan Avrupa
0%
No matching quizzes found
Score Distribution
Percent of People with Each Score
Percentile by Number Answered
Your Score History
You have not taken this quiz